000 01291cam a2200349 a 4500
001 1557656
003 OSt
005 20140310182648.0
008 920921s1991 si ab bs 000 0 eng
010 _a 91947874
020 _a9971905418
_c$18.00
040 _aDLC
_cDLC
_dDLC
043 _aa-io---
050 0 0 _aHE 8700.66
_b.C559 1991
082 _aM 302.23450954
_bC47 1991
100 1 _aChu, Godwin C.,
_d1927-
245 1 0 _aSocial impact of satellite television in rural Indonesia /
_cChu, Godwin C.
260 _aSingapore :
_bAsian Mass Communication Research and Information Centre,
_cc1991.
300 _axii, 272 p. :
_bill., maps ;
_c23 cm.
504 _aIncludes bibliographical references.
521 _aHigh school Students
526 _c0L-1700L
541 _j1
562 _eFor circulation. 1 copy available in the collection
650 0 _aDirect broadcast satellite television
_xEconomic aspects
_zIndonesia.
650 0 _aDirect broadcast satellite television
_xSocial aspects
_zIndonesia.
700 0 _aAlfian.
700 1 _aSchramm, Wilbur,
_d1907-1987.
906 _a7
_bcbc
_corignew
_d3
_encip
_f19
_gy-gencatlg
942 _2lcc
_cBK
_kM
999 _c15083
_d15083